Statistiken für Top-10-Singles von Calvin Harris

Klicken Sie hier um das Quiz zu spielen!

Allgemein

  • Dieses Quiz wurde 21 mal gespielt
  • Das Durchschnittsergebnis liegt bei 5 aus 11

Antwortstatistiken

ErscheinungsjahrTitel% Korrekt
2014Summer
83%
2017Feels (feat. Pharrell Williams, Katy Perry & Big Sean)
61%
2016My Way
50%
2018Promises (feat. Sam Smith)
50%
2016This Is What You Came For (feat. Rihanna)
50%
2011We Found Love (feat. Rihanna)
50%
2019Giant (Rag ’n’ Bone Man)
44%
2018One Kiss (feat. Dua Lipa)
44%
2014Outside (feat. Ellie Goulding)
44%
2014Blame (feat. John Newman)
33%
2015How Deep Is Your Love (feat. Disciples)
28%

Verteilung der Resultate

Perzentil nach korrekt beantworteten Fragen

Anzahl Personen mit jedem Resultat

Ihre Resultats-Entwicklung

Sie haben dieses Quiz noch nicht gespielt